| 000 | 00581nam a2200229 a 4500 | ||
|---|---|---|---|
| 001 | nice12345678 | ||
| 003 | IN_TiNIC | ||
| 005 | 20260116012710.0 | ||
| 008 | 050524s1902 lona grp 000 0 eng | ||
| 020 |
_a _c100 |
||
| 082 | 0 | 0 |
_a282 _bLON |
| 245 | _aPublications of the Catholic Truth Society Vol.L111 | ||
| 260 |
_aLondon _bCatholic Truth Society _c1902 |
||
| 300 | _a160p | ||
| 500 | _aincludes index and biblioraphy | ||
| 505 | 2 | _aNotes | |
| 650 | _aRoman Catholic Church | ||
| 710 | 2 | _aLondon Catholic Society | |
| 902 | _bSRS | ||
| 942 | _cBK | ||
| 999 |
_c8004 _d8004 |
||